ბათუმის შოთა რუსთაველის სახელმწიფო უნივერსიტეტის ბიბლიოთეკა

Бюджетная система Российкой Федерации. (ბიბ.ჩანაწერი № 35019)

000 -LEADER
fixed length control field 00781nam a2200241Ia 4500
001 - CONTROL NUMBER
control field 858
003 - CONTROL NUMBER IDENTIFIER
control field GE_BSU
008 - FIXED-LENGTH DATA ELEMENTS--GENERAL INFORMATION
fixed length control field 181216s||||||||xx |||||||||||||| ||und||
020 ## - INTERNATIONAL STANDARD BOOK NUMBER
International Standard Book Number 5942270619
040 ## - CATALOGING SOURCE
Transcribing agency GE_BSU
080 ## - UNIVERSAL DECIMAL CLASSIFICATION NUMBER
Universal Decimal Classification number 33(075.8)
245 ## - TITLE STATEMENT
Title Бюджетная система Российкой Федерации.
245 ## - TITLE STATEMENT
Remainder of title Учебник для студ. высш. учеб. завед.
245 ## - TITLE STATEMENT
Statement of responsibility, etc. Под. ред.М.В. Романовского и О.В. Врублевский
250 ## - EDITION STATEMENT
Edition statement Изд. 2-е, испр. и перераб
260 ## - PUBLICATION, DISTRIBUTION, ETC.
Place of publication, distribution, etc. Москва
260 ## - PUBLICATION, DISTRIBUTION, ETC.
Name of publisher, distributor, etc. Юрайт
260 ## - PUBLICATION, DISTRIBUTION, ETC.
Date of publication, distribution, etc. 2001
300 ## - PHYSICAL DESCRIPTION
Extent 615с.
653 ## - INDEX TERM--UNCONTROLLED
Uncontrolled term Бюджетная система Российской федерации.
942 ## - ADDED ENTRY ELEMENTS (KOHA)
Koha item type წიგნი
ეგზემპლარები
Withdrawn status Lost status Damaged status Not for loan Date acquired Barcode Date last seen Price effective from Koha item type
        2018-12-17 955 2018-12-17 2018-12-17 წიგნი